[Event "RUS-ch sf 58th"]
[Site "Kazan"]
[Date "2005.09.09"]
[Round "7"]
[White "Chuprov, Dmitry"]
[Black "Jakovenko, Dmitrij"]
[Result "0-1"]
[WhiteElo "2477"]
[BlackElo "2627"]
[Annotator "Gofshtein,L"]
[PlyCount "54"]
[EventDate "2005.09.03"]
[EventType "swiss"]
[EventRounds "9"]
[EventCountry "RUS"]
[SourceTitle "CBM 109"]
[Source "ChessBase"]
[SourceDate "2005.11.14"]
[SourceVersion "1"]
[SourceVersionDate "2005.11.14"]
[SourceQuality "1"]

1. e4 c5 2. Nf3 Nc6 3. Bb5 d6 4. d4 cxd4 5. Qxd4 Bd7 6. Bxc6 Bxc6 7. Nc3 Nf6 8.
Bg5 e6 9. O-O-O Be7 10. Rhe1 O-O 11. Qd2 {[%cal Rf3d4] freeing the d4 square
for the knight.} Qa5 {developing the queen to an attacking square and opening
the d8 square for the rook.} 12. Kb1 {a prophylactic move intending 13.Nd5} Kh8
{preventing the menavuer Nd5.} 13. Nd4 Rfd8 {[%cal Rd8d2]} 14. f4 {white
mounts up the pressure in the center, also intending the brakethrough in the
center via e4-e5.} Rac8 {activating the rook and preparing counterplay in the
queenside.} (14... Ng8 15. Bxe7 Nxe7 16. Re3 (16. f5 $5) 16... e5 17. Nb3 Qc7
18. Rd3 exf4 19. Qxf4 $16 {1-0 Sharif,M-Balinas,R/Manila 1977/EXT 2004 (63)}) (
14... h6 15. h4 hxg5 16. hxg5 Nxe4 17. Rh1+ Kg8 18. Qd3 Nxg5 19. fxg5 Bxg5 20.
Qh7+ Kf8 21. Nxe6+ fxe6 22. Rdf1+ Ke8 23. Qxg7 Be7 24. Rh7 $18 {1-0 Ciric,
D-Diaz,J/Vrnjacka Banja 1976/EXT 99 (27)}) (14... Be8 15. f5 $40 {1-0 Ciric,
D-Sedlak,N/Yugoslavia 2000/EXT 2005 (32)}) 15. Nb3 $6 {this move is dubios- on
one hand the knight exercises a role of driving the queen away from her
natural attacking square on a5, but on the other hand the knight also gives up
an important strategic square in the center. 15.g4 looks better for white.} (
15. g4 $5 Be8 (15... Qc7) (15... b5 16. Ncxb5 Qxd2 17. Rxd2 $16 {1-0 Ciric,
D-Hartkopf,U/Baden-Baden 1988/TD (43)}) 16. f5 e5 17. Nb3 $16 {1-0 West,
G-Delion,L/Victoria 1992/EXT 97 (37)}) (15. f5 Bd7 16. Re3 b5 $132 {0-1
Stativkin,D-Deepan Chakkravarthy,J/Heraklio 2002/CBM 091 ext (25)}) 15... Qc7
16. Qf2 {[%cal Rf2h4,Gd1d3,Gd3h3] white tries to build an attack with the
heavy pieces on the king.} b5 $5 $132 {[%cal Gc7c2] black commences
counterplay on the c-file.} 17. Rd3 {white carries on with his plans.} (17. e5
Ng4 18. Qh4 Bxg5 19. Qxg5 b4 $132) 17... b4 $1 $17 18. Rh3 {a piece sacrafice
intending to hack into the king's castle. a normal exchange Bxf6 provides
black with strong intiative.} (18. Bxf6 Bxf6 19. Nd1 a5 $36) 18... bxc3 19. Qh4
cxb2 $1 $19 {A good defence. Most likely white overlooked this variation.} 20.
Nd4 {[%cal Rd4c2] this move protects c2 and also neutralising black's defence
specified in the previous variation.} (20. Bxf6 Bxe4 $1 $19) 20... Kg8 $1 {
A good defence. Providing the king with an escape root} 21. Ree3 (21. Bxf6 Bxf6
22. Qxh7+ Kf8 $19) 21... Kf8 22. e5 {white tries to make things complicated,
in light of his serious disadvantage.} dxe5 23. fxe5 Be4 $1 {[%cal Re4c2] A
desicive blow. White fails to find a proper defence.} 24. exf6 (24. Bxf6 Rxd4
25. Bxe7+ Kg8 $19) (24. Rxe4 Rxd4 $19) 24... Rxd4 25. fxe7+ Ke8 26. Rc3 Rd1+
27. Kxb2 Qb6+ 0-1

[Event "EU-chT (Men) 15th"]
[Site "Gothenburg"]
[Date "2005.08.03"]
[Round "5.2"]
[White "Lopez Martinez, Josep Manuel"]
[Black "Sammalvuo, Tapani"]
[Result "0-1"]
[WhiteElo "2507"]
[BlackElo "2441"]
[Annotator "Gofshtein,L"]
[PlyCount "62"]
[EventDate "2005.07.30"]
[EventType "team-swiss"]
[EventRounds "9"]
[EventCountry "SWE"]
[SourceTitle "CBM 109"]
[Source "ChessBase"]
[SourceDate "2005.11.14"]
[SourceVersion "1"]
[SourceVersionDate "2005.11.14"]
[SourceQuality "1"]
[WhiteTeam "Spain"]
[BlackTeam "Finland"]
[WhiteTeamCountry "ESP"]
[BlackTeamCountry "FIN"]

1. e4 c5 2. Nf3 d6 3. Nc3 Nf6 4. d4 cxd4 5. Qxd4 {This line is not as common
as 5.Nxd4, of course, but also leads to interesting positions} Nc6 6. Bb5 Bd7
7. Bxc6 Bxc6 8. Bg5 {Black gained the bishop pair while white is slightly
ahead in development} e6 9. O-O-O Be7 10. Rhe1 O-O 11. Qd2 {A typical move,
white frees the d4 square for the knight} (11. Kb1 {is an alternative, as the
games below show, black doesn't have an easy game} Qc7 (11... Qa5 12. Qd2 Qa6
13. Nd4 Rfc8 14. f4 h6 $146 15. h4 $5 Qc4 16. g4 Kf8 17. f5 $1 hxg5 18. hxg5
Nd7 19. fxe6 Ne5 20. Rh1 $1 {and white's attack proved to be too strong in
Vasiukov - Van Wely 2002 1-0}) 12. Qd2 Rfd8 13. Nd4 Rab8 (13... Rac8 14. f3 a6
15. g4 b5 16. Nce2 Bd7 17. Ng3 g6 18. Rg1 e5 19. Ndf5 {1-0 Vasiukov,E-Browne,W/
Reykjavik 1980/EXT 99 (33) with attack.}) 14. f3 b5 15. g4 Be8 16. Nce2 h6 17.
Be3 d5 18. e5 Nd7 {1-0 Stellwagen,D-Tiviakov,S/Wijk aan Zee 2004/CBM 099 (33)
with mutual chances.}) 11... Qc7 12. Nd4 Rfc8 {Black decides to leave the rook
on a8, which would later support his attack. There is also another possibility
- to put the rook on d8} (12... Rfd8 {here are some examples} 13. f4 (13. Kb1
Rac8 14. f4 h6 15. h4 b5 16. f5 b4 17. Ncb5 Bxb5 18. Nxb5 Qc5 19. Nd4 hxg5 20.
hxg5 Nh7 21. g6 Nf8 22. gxf7+ Kxf7 23. Qe2 Bf6 {0-1 Fernandez,A-Beliavsky,A/
Alicante 1978/MCD (23)}) 13... h6 14. h4 (14. Bxf6 Bxf6 15. g4 Qb6 16. Kb1 Rac8
17. f5 Bd7 {0-1 Lautier,J-Timman,J/Belgrade 1995/CBM 051 (54) and black is
already a little better}) 14... b5 15. Re3 b4 16. Bxf6 Bxf6 17. Nce2 a5 18. Rh1
h5 {0-1 Jussupow,A-Psakhis,L/Moscow 1981/MCL (36) is unclear.}) 13. f3 {
white has two possible plans, the first one which he carried out in the game
is to play f3 followed by g4 and the advance of pawns on the kingside. The
second plan is to play f2-f4 and try to play in the centre with e4-e5 or f4-f5.
Both plans are quite possible} (13. Ndb5 Bxb5 14. Nxb5 Qc4 {is fine for black})
(13. f4 h6 14. h4 (14. Bxf6 Bxf6 15. Nxc6 Qxc6 16. Qxd6 Qxd6 (16... Qc4 $5) 17.
Rxd6 Bxc3 18. bxc3 Rxc3 {is fine for black}) 14... b5 15. e5 dxe5 16. fxe5 hxg5
17. exf6 Bxf6 18. hxg5 Bxd4 19. Qxd4 Qg3 {0-1 Stoklasa,J-Sammalvuo,T/Irapuato
2001/EXT 2002 (47) and black is ok.}) 13... b5 {black immideatly starts his
counterplay on the queenside} 14. Kb1 (14. Bxf6 Bxf6 15. Nxc6 Qxc6 16. Qxd6
Bxc3 17. Qxc6 Rxc6 18. bxc3 {leads to a drawish endgame}) (14. Ndxb5 $2 {
of course, white shouldn't even consider taking such pawns} Bxb5 (14... Qa5 $2
15. Nxd6 Rd8 16. e5 {and surprisingly white is simply 2 pawns up}) 15. Nxb5 Qc5
16. Nc3 Rab8 {black has a very strong attack}) 14... b4 15. Nce2 a5 {It seems
that black is making more progress on the queenside than white has done on the
kingside} 16. h4 $6 (16. Nxc6 {Perhaps white should have simplified the
position with} Qxc6 17. Nd4 Qb7 18. g4 {and the position remains unclear})
16... a4 17. Rc1 $6 {white's play is too passive} (17. Qxb4 {allows black
comfortably break in the centre} d5 18. Qc3 Qb7 {with advantage for black}) (
17. Nxc6 Qxc6 18. Nd4 {still looks better}) 17... Qb7 $6 {the simple h7-h6
followed by d6-d5 was a direct approach} (17... h6 18. Be3 d5 19. e5 (19. Nxc6
Qxc6 20. Nd4 Qb7 21. e5 Nd7 22. Bf4 b3 {with a strong attack}) 19... Nd7 $1 (
19... Qxe5 20. Bf4 Qh5 21. g4 {is less clear}) 20. f4 Nb6 {should have given
black a clear edge}) 18. c4 $1 {the best defense, white brings more pieces to
the queenside} b3 $6 (18... bxc3 {opening lines on the white king was a better
option} 19. Rxc3 Bd7 20. Rec1 Rxc3 21. Nxc3 Rb8 $17 {black is clearly better})
19. a3 Qa6 (19... Bd7 {black could not allow white the possibility to
sacrifice a pawn with this move, after which black has an advantage}) 20. Nf4
$2 {White had an interesting pawn sacrifice, which allowed him to seize the
initiative} (20. Nxc6 $1 Rxc6 21. Nd4 Rxc4 (21... Rc5 22. Nb5 {is unclear}) 22.
Rxc4 Qxc4 23. Rc1 Qa6 24. Nc6 {with counterplay}) 20... h6 21. Nd3 {White is
practically forced to sacrifice the bishop as exchanging it is to black's
favour} (21. Bxf6 Bxf6 22. Nxc6 Rxc6 {with great advantage for black}) 21...
hxg5 {Black isn't afraid of ghosts and takes the bishop} 22. hxg5 Nh7 23. f4 (
23. Nb4 {is met by} Qa5 $1) (23. g6 fxg6 24. Nxe6 {is obviously not enough for
the sacrificed piece} Nf8 $17) 23... Bb7 {[%cal Gc8c4] attacking the pawn on c4
} 24. Rc3 Rxc4 25. Nb4 Rxb4 26. axb4 a3 $1 {Black has a decisive advantage} 27.
Rxb3 axb2 28. Qxb2 e5 29. Nf5 Bf8 30. b5 (30. fxe5 Bxe4+ 31. Rxe4 Qf1+ 32. Kc2
Qxf5 $19) 30... Qa5 31. Re2 Qa4 $1 {The last finesse, e4 falls, white resigned}
0-1

[Event "EU-Cup 13th Group7"]
[Site "Krynica"]
[Date "1997.09.16"]
[Round "2"]
[White "Rozentalis, Eduardas"]
[Black "Jansa, Vlastimil"]
[Result "1/2-1/2"]
[WhiteElo "2645"]
[BlackElo "2480"]
[Annotator "Har Zvi,R"]
[PlyCount "64"]
[EventDate "1997.09.15"]
[EventType "team-k.o."]
[EventRounds "3"]
[EventCountry "POL"]
[SourceTitle "EXT 2020"]
[Source "ChessBase"]
[SourceDate "2019.10.17"]
[SourceVersion "1"]
[SourceVersionDate "2019.10.17"]
[SourceQuality "1"]
[WhiteTeam "Warszawa Polonia"]
[BlackTeam "Prague SK Dum armady "]
[WhiteTeamCountry "POL"]
[BlackTeamCountry "CZE"]

1. e4 c5 2. Nf3 d6 3. d4 cxd4 4. Qxd4 a6 5. Bg5 (5. Be3 Nc6 (5... e5 6. Qd2 (6.
Qa4+ Nc6 7. Bc4 Qa5+ 8. Nc3 Qxa4 9. Nxa4 b5 10. Bd5 Nge7 11. Nb6 Rb8 12. Nxc8
Rxc8 13. Bb3 Na5 14. O-O Nec6 15. c3 $14 {/+/- Panchenko,A-Raskhovsky,N/
Tashkent 1980}) 6... Nf6 7. Nc3 Qc7 8. a4 Bg4 9. Be2 Nbd7 10. h3 Bh5 11. Nh4
Bg6 12. Nxg6 hxg6 13. O-O $14 {/+/- Antunes,A-Rodriguez,R/Manila (ol) 1992}) 6.
Qd2 e6 7. Nc3 Be7 8. O-O-O Qc7 9. Bf4 Ne5 10. Qd4 f6 11. Qa4+ Bd7 12. Bb5 Nc6
13. Qa3 e5 14. Nd5 $16 {Tseitlin,Mark-Zaichik,G/Krasnoirsk 1981}) 5... Nc6 6.
Qd2 h6 (6... Nf6 7. Bd3 e6 8. c4 Be7 (8... h6 9. Bf4 d5 $6 10. exd5 exd5 11.
O-O Be7 12. Nc3 Bg4 $2 (12... dxc4 $14) (12... Be6 $14) 13. cxd5 Bxf3 (13...
Nxd5 14. Be4) 14. dxc6 Bxc6 15. Rad1 $16 {Kamsky,G-Lautier,J/Dortmund 1993;57/
193 [Kamsky,G]}) 9. Nc3 b6 10. O-O Bb7 11. Rac1 h6 12. Bh4 g5 13. Bg3 Nh5 $36 {
Grosar,A-Ehlvest,J/Moscow (ol) 1994;EXP 44}) 7. Bh4 g5 8. Bg3 Bg7 9. Nc3 (9. c3
$6 Nf6 10. Bd3 d5 11. exd5 Qxd5 12. O-O Bf5 13. Bxf5 Qxf5 14. Na3 O-O 15. Nc2
Ne4 $15 {Tseitlin,Mark-Lerner,K/Moscow 1983}) 9... Be6 (9... Nf6 10. O-O-O Nh5
11. Nd5 Be6 12. Kb1 Rc8 13. c3 f5 $2 (13... O-O $132) 14. exf5 Bxf5+ 15. Bd3 {
Rozentalis,E-Tyomkin,D/Beer-Sheva 1997;CBM 58}) (9... Bg4) 10. Nd5 $6 (10. Bd3)
(10. Be2) 10... Nf6 11. Nxf6+ Bxf6 12. c3 Qa5 $1 {black is already better,by
actually doing nothing,white's bishop on "g3" is very bad,plus after g4 by
black white does not really has a place for his knight} 13. Be2 (13. h3 $5 {
just preventing g4}) 13... g4 14. Nh4 (14. Ng1 h5) 14... Rd8 $1 (14... Qh5 $6
15. h3 $1 Bxh4 $2 16. hxg4) 15. f4 $6 {I do not really know if white
sacrifised a pawn here,or simply missed that after 15...Qh5 now he can not
play 16.h3 because of 16...Bxh4 17.Hxg4 Bxg3 check!,but if he wanted to
sacrifise his pawn he could play 0-0 and get better chances} (15. O-O $142 $5
Qh5 (15... d5 16. exd5 Rxd5 17. Qe3 Rh5 $2 18. Ng6) 16. Nf5 Bxf5 17. exf5 Qxf5
18. f3 $44) 15... Qh5 16. Nf5 $8 (16. h3 Bxh4 17. hxg4 Bxg3+) 16... Bxf5 17.
exf5 Qxf5 18. h3 (18. O-O h5 $17) 18... gxh3 19. Rxh3 d5 (19... Rg8 20. O-O-O)
20. Bd3 (20. O-O-O Nb4 $1 (20... d4 21. c4) 21. Bc4 Rc8 22. Bb3 d4 $36) 20...
Qg4 21. Kf1 (21. Be2 Qg7) 21... h5 (21... Rg8 $5) (21... Bg7 22. Bf2) 22. Re1
h4 23. Bh2 Rg8 24. a3 {to be honest the position is not simple,but the
question is not who is better,but how can black convert his advantage into a
win} Kf8 (24... Na5 $5) 25. f5 d4 26. c4 (26. cxd4 Qxd4) 26... Bg5 27. Qe2 Be3
$6 (27... Qxe2+ 28. Bxe2 Bf6 $17) 28. Qxg4 Rxg4 29. Be2 Rg5 (29... Re4 $4 30.
Bf3) 30. Bd3 $1 (30. Rxh4 Rxf5+ 31. Bf3 Kg7 $17) 30... Rg4 {just going for a
draw it was possible to play 30...Rh5 when after 31.b4 white has compensation
but I think black is still better} (30... Rh5 31. b4) 31. Be2 Rg5 32. Bd3 Rg4
1/2-1/2

[Event "Hoogovens-B"]
[Site "Wijk aan Zee"]
[Date "1997.01.23"]
[Round "3"]
[White "David, Alberto"]
[Black "Janssen, Ruud"]
[Result "1-0"]
[WhiteElo "2455"]
[BlackElo "2350"]
[Annotator "Har Zvi,R"]
[PlyCount "65"]
[EventDate "1997.01.21"]
[EventType "tourn"]
[EventRounds "11"]
[EventCountry "NED"]
[EventCategory "10"]
[SourceTitle "CBM 057"]
[Source "ChessBase"]
[SourceDate "1997.04.01"]
[SourceVersion "1"]
[SourceVersionDate "1997.04.01"]
[SourceQuality "1"]

1. e4 c5 2. Nf3 d6 3. d4 cxd4 4. Qxd4 Nf6 (4... a6) (4... Nc6) (4... Bd7) 5. e5
(5. Nc3 a6 6. e5 (6. Bg5 Nc6 7. Qd2 (7. Qe3 h6 8. Bh4 e6 9. O-O-O Bd7 10. h3
Rc8 11. g4 Qc7 12. Nd4 g5 13. Bg3 Ne5 $13 {Kaminsky,M-Suba,M Biel 1995}) 7...
h6 8. Be3 b5 9. O-O-O Bb7 10. Qe1 e5 $1 11. Nd2 Be7 12. f4 Rc8 $15 {Epishin,
V-Yurtaev,L Tashkent 1986}) 6... Nc6 7. Qa4 Ng4 (7... dxe5 8. Nxe5 Bd7 9. Nxd7
Qxd7 10. Bd2 e6 11. O-O-O Qc8 12. g4 $1 $40 {Votava,J-Demeter,P Hlohovec op
1995}) 8. exd6 Qxd6 9. h3 Nf6 10. Bf4 Qb4 11. Qxb4 Nxb4 12. O-O-O e6 13. Ne5
$14 {Movsesian,S-Vaulin,A Zlin 1995}) 5... Nc6 (5... dxe5 $2 6. Qxd8+ Kxd8 7.
Nxe5 Ke8 8. Nc3 a6 9. Be2 e6 10. Bf3 $16 {Rausis,I-Djurhuus,R Skei 1993}) 6.
Bb5 Qa5+ 7. Nc3 dxe5 (7... Qxb5 $5) 8. Bxc6+ (8. Nxe5 Qxb5 $5 (8... Bd7 9. Bxc6
Bxc6 10. O-O $14) 9. Nxb5 Nxd4 10. Nc7+ Kd8 11. Nxa8 Be6 $8 $13 {[%csl Ra8]})
8... bxc6 9. Nxe5 {[%csl Rc6]} Bb7 10. O-O Rd8 11. Qf4 e6 12. Nc4 Qa6 (12...
Qh5 13. Qc7 $1 Ba8 14. Qxa7) 13. b3 Be7 14. Bb2 {[%cal Ga1h8]} O-O 15. Rad1 {
white enjoyes a more active pieces plus black's pawn structure on the Queen's
side is very bad,all this gives white a very pleasent position} c5 {black now
opened the a8-h1 diagonal but the "c" pawn becomes now very weak white can and
will attack it immediately} 16. Qg3 $5 {[%cal Gg3g8]} g6 (16... Rd4 $5 {
[%cal Gd4g4]} 17. Qc7 Re8 $13) 17. Na4 {[%csl Rc5,Rf6]} Rd5 {an interesting
move was Bd5,when after Nxc5 black is ok as we will see} (17... Bd5 18. Nxc5 $6
(18. Ne3 Bc6) 18... Bxc5 19. Bxf6 Bxc4 20. Qh4 Rxd1 21. Rxd1 Rc8) 18. Ne5 Nh5
$6 (18... Ne4) (18... Ne4 $5 {after this active move is seems black has good
game} 19. Qe3 (19. Qh3 $2 Rxd1 20. Rxd1 Qe2) (19. Qf3 Nd2 $1 20. Qc3 Bf6 $17)
19... Bg5 $1 20. f4 Bf6 {and now white has weakened his king,when black holds
the initiaive}) 19. Qe3 Qd6 20. Rde1 $1 $14 {a very smart move defending the
Knight on e5 with two pieces on the "e" file so now Nc3 is possible is also a
serious threat} Bf6 $6 (20... Rd8 $5) 21. Nc4 Qd8 $2 {simply an unexplained
move just giving the "c5" pawn, black should have played Qc7 but white of
course has a very comfortable position} 22. Nxc5 $16 Ba8 23. Bxf6 Qxf6 24. Ne4
Qe7 25. Rd1 Rfd8 26. Rxd5 exd5 (26... Rxd5 27. Re1) 27. Ng3 (27. Nc3 $4 Qf6 $19
{[%cal Gd5d4]}) (27. Nc5 $4 Qf8 $1 28. Ne5 d4 29. Qg5 f6 $19) (27. Ng5 Qf6 $1
28. Na3 d4 29. Qd2 Nf4 $17) 27... Qb7 {just losing immediately,necessary was
27...QxQ but of course white is much better,but still needs to work} 28. Na5
Qa6 (28... Qb6 29. Nxh5 gxh5 (29... Qxe3 $2 30. Nf6+ Kg7 31. fxe3) 30. Qg5+ Kh8
31. b4) 29. Nxh5 Qxa5 30. Nf6+ Kg7 31. Qe5 Qa6 32. Ne8+ Kf8 33. Re1 {[%cal
Ge5h8,Ge5e7,Ge5g7]} 1-0

[Event "RUS-Cup03 Geller Memorial"]
[Site "Moscow"]
[Date "1999.02.10"]
[Round "9"]
[White "Bakhtadze, Giorgi"]
[Black "Arbakov, Valentin"]
[Result "0-1"]
[WhiteElo "2384"]
[BlackElo "2482"]
[Annotator "Har Zvi,R"]
[PlyCount "74"]
[EventDate "1999.02.10"]
[EventType "swiss"]
[EventRounds "9"]
[EventCountry "RUS"]
[SourceTitle "CBM 070"]
[Source "ChessBase"]
[SourceDate "1999.06.08"]
[SourceVersion "1"]
[SourceVersionDate "1999.06.08"]
[SourceQuality "1"]

1. e4 c5 2. Nf3 d6 3. d4 cxd4 4. Qxd4 a6 5. Bg5 Nc6 6. Qd2 h6 7. Bh4 g5 8. Bg3
Bg7 9. c3 Nf6 10. Bd3 Nh5 $5 {according to the thoery and to recent games 10...
d5 is just 100% OK for black but also Nh5 seems not bad with even more
complicated game} (10... d5 11. exd5 Qxd5 12. O-O (12. Qe2 Bg4 (12... Bf5 13.
Bxf5 Qxf5 14. Nbd2 O-O 15. Nc4 Nd5 16. O-O Rad8 17. a4 e5 18. Nfd2 Qg6 19. Rfe1
Rfe8 $13 {1-0 Grosar,A-Tratar,M/Maribor Pirc 1994/CBM 40 (40)}) 13. Nbd2 Rd8
14. Bc4 Qf5 15. Bb3 O-O 16. O-O-O Bh5 17. Bc2 Qa5 18. Kb1 Nd5 $132 {1/2-1/2
Maljutin,E-Odeev,H/URS-qualJ 1989/CBM 13 (33)}) 12... Bf5 (12... Bg4 13. Be2
Rd8 14. Qxd5 Nxd5 15. Na3 f5 16. h3 Bh5 17. Nd4 Bxe2 18. Nxe2 f4 19. Bh2 Kf7
$17 {[%csl Rh2] 0-1 Nielsen,J-Ward,C/Aarhus int 1993/EXT 97 (31)}) 13. Bxf5
Qxf5 14. Na3 O-O 15. Nc2 Ne4 16. Qe2 Nxg3 17. hxg3 Rad8 18. Rad1 Qa5 19. a3 e6
20. Rxd8 Rxd8 21. Rd1 Qc7 22. Rd3 b5 23. Qe4 Rxd3 24. Qxd3 g4 25. Nd2 Ne5 $15 {
0-1 Tseitlin,M-Lerner,K/Moscow GMA-op 1989/TD 89\02 (70)}) 11. Na3 e6 {this
move get's to control over the "d5" and "f5" but it makes the "d6" pawn quite
weak and black will have to find a nonstandard plan to defend him} (11... Bg4
12. Be2 Bxf3 13. Bxf3 Nxg3 14. hxg3 Qc7 15. Bh5 e6 16. Nc2 Ne5 17. Ne3 O-O 18.
Be2 Qc6 19. Qc2 $14 {1-0 Miljanic,B-Jovicic,M/JUG-chT FL 1990/EXT 90ch (31)})
12. Rd1 Nxg3 13. hxg3 b5 14. Be2 Ke7 $5 {this is the move! well at frist
moment you may think what is this?? but now think is it so clear that on "e7"
the king is much worse than on "e7" well I am not sure black now simply wants
to play Bb7-Qc7 and then place his rooks maybe one on the "d" file and the
other on the "c" file} 15. Qe3 (15. b4 $5 {[%cal Gc3c4] this is strange but
white simply wants to play c4} Bb7 (15... Rb8 16. c4 bxc4 17. Nxc4 Rxb4 18.
Nxd6 Qc7 19. Qc2 $1 $40 {[%cal Gc2c5]}) (15... Bb7 16. c4 Ne5 17. Nxe5 Bxe5 18.
Qe3 Qc7 $13) 16. c4 g4 17. Nh4 Nd4 18. cxb5) (15. c4 Qa5 $5 (15... b4 $5 16.
Nc2 Rb8 17. Qe3 Qa5) 16. cxb5 Bxb2 17. Nc4 Bc3 18. Nxa5 Bxd2+ $13) 15... Bb7
16. Nc2 Qc7 17. Ncd4 Rab8 18. Nxc6+ $6 {I think this is a wrong idea,
exchanging pieces in this position,since now black gets much more space then
before} (18. O-O $5) 18... Qxc6 19. Nd2 Qc5 {again of course exchanging Queens
is very good for black} 20. Qd3 Qb6 $6 {I do not understand why not to play b4
which must be the most natural move in the position,and when even I think it
simply leads to a better position for black} (20... b4 $5 21. cxb4 (21. Nb3 Qe5
$17) 21... Qxb4 22. b3 Qc3 23. Qb1 Rhc8 24. O-O Qc2 $15 {/-/+}) 21. f4 $6 {
[%cal Ra7g1] this is quite an unclear move what white has mate that he is
attacking this way?? or simply he just weakened his position so much.. well I
go for the second answer!} (21. O-O) 21... Rbd8 22. Bf3 h5 (22... Bf6 $5) 23.
Bxh5 (23. fxg5 Be5 24. Bxh5 (24. Nf1 Rdg8 $17) 24... d5 $1 {with a very strong
initiative for black}) 23... d5 $1 {and here comes the break in the center,
which was in the air for already few moves} 24. e5 (24. exd5 Rxd5 25. Qe2 g4
$19 {[%csl Rh5]}) 24... d4 25. c4 (25. Nf3 dxc3 26. Qxc3 Rxd1+ 27. Kxd1 b4 28.
Qe1 (28. Qc2 Rc8 29. Qa4 Bxf3+ 30. Bxf3 Qd4+ $19) 28... Qc5 $1 $36) 25... Bxg2
26. Rh2 Bc6 27. Ke2 $2 {well no explnations for this move,white should have
probably taken on b5} (27. cxb5 $5 Bxb5 (27... axb5 28. Nb3 $132 {[%csl Rd4]})
(27... Qxb5 28. Nb3 Qxd3 29. Rxd3 Be4 30. Rxd4 Rxd4 31. Nxd4 gxf4 32. gxf4 f6
$132 (32... Bg6 $2 33. Rd2)) 28. Qa3+ Ke8 29. Ne4 d3 (29... gxf4 30. gxf4 d3
31. Qc5) 30. Qc5 (30. Kd2 gxf4 31. gxf4 Qd4 $40) 30... Qxc5 31. Nxc5 gxf4 32.
Nxe6 fxg3 33. Nxg7+ Kf8 34. Rg2 Kxg7 35. Rxg3+ Kf8 36. Rg5 Rd4 $36) 27... Qc5 (
27... gxf4 28. gxf4 Bh6 29. Rf2 Qc5 {[%cal Gh6f4]} 30. Nb3 bxc4 31. Nxc5 cxd3+
32. Nxd3 Bb5 $36) 28. b3 $4 {this is just losing immediately! white had to
play Nb3} (28. Nb3 Qxc4 (28... bxc4 29. Nxc5 cxd3+ 30. Nxd3 (30. Kxd3 Bf3)
30... gxf4 31. gxf4 Rh6 32. Rc1) 29. Qxc4 bxc4 30. Nxd4 Bd5 $36 {[%csl Rh2]
[%cal Rh8h1] when white's pieces seems so uncordinated}) 28... gxf4 29. gxf4
Bxe5 $19 30. b4 Qd6 31. c5 Qc7 32. Rf1 Bxf4 33. Rh4 Qe5+ 34. Kd1 Rxh5 35. Rhxf4
f5 36. R4f2 Qe3 37. Kc2 Rh3 {[%mdl 8288]} 0-1